Normal view
MARC view
Entry Personal Name
001 - CONTROL NUMBER
- control field: 46654
003 - CONTROL NUMBER IDENTIFIER
- control field: ARRUPE
005 - DATE AND TIME OF LATEST TRANSACTION
- control field: 20190701105909.0
008 - FIXED-LENGTH DATA ELEMENTS
- fixed length control field: 190701|| aca||aabn | a|a d
040 ## - CATALOGING SOURCE
- Original cataloging agency: ARRUPE
- Transcribing agency: ARRUPE
100 ## - HEADING--PERSONAL NAME
- Personal name: Baeck, Louis
670 ## - SOURCE DATA FOUND
- Source citation: Work cat.: (ARRUPE)13844: Baeck, Louis, The Mediterranean traditon in economic thought, 1994